00497nam a22001337a 4500999001500000008004100015110001400056245008400070260002600154300001000180650003700190942000700227952012900234 c3437d3437200615b ||||| |||| 00| 0 eng d 92835aMCA10aCode of safe working practice for merchant seamen : consolidated edition 2011 / aLondon :bTSO,c2011. a120p. 0aShips--Cargo--Safety regulations cBK 00102ddc407099309aCLbCLd2013-12-20eShroff Publishers and Distributorsl2p11711r2026-04-11s2026-04-11v4317.30yBK